000 004420000a22001810004500
003 MACL
005 20160122123509.0
008 160122b xxu||||| |||| 00| 0 eng d
040 _aMACL
_cMACL
041 _aEnglish
082 _a721/SOL
100 _aSolomon, S K
_934050
245 _aReinforced Concrete Design
260 _bCBS Publishers
_c1996
_aNew Delhi
350 _a75
650 _aArchitecture
_9259
942 _cBK
_k721/sol
_2ddc
999 _c31772
_d31772